000 00310nam a2200121Ia 4500
008 240731s9999 xx 000 0 und d
022 _a2230-5246
245 0 _aReports in Organic Chemistry
260 _bDove Medical Press
856 _uhttps://www.tandfonline.com/loi/droc20
942 _2ddc
942 _cTFEJ
999 _c79174
_d79174
945 _a1
_bMadushi Gamage
_c1
_dMadushi Gamage